[Event "V Festival Costa Viola A"]
[Site "Palmi ITA"]
[Date "2012.01.04"]
[Round "6"]
[White "Santagati, Alessandro"]
[Black "Cangiano, Federico"]
[Result "1/2-1/2"]
[WhiteElo "2239"]
[BlackElo "1963"]
[PlyCount "127"]
[EventDate "2012.01.02"]

1. e4 e6 2. d4 d5 3. Nc3 Bb4 4. e5 c5 5. a3 Bxc3+ 6. bxc3 Ne7 7. Qg4 O-O 8. Nf3
Nbc6 9. Bd3 f5 10. exf6 Rxf6 11. Bg5 Rf7 12. Qh5 g6 13. Qh4 Qa5 14. O-O c4 15.
Be2 Qxc3 16. Bxe7 Rxe7 17. Rfd1 Bd7 18. Ne5 Rae8 19. Ng4 Rf8 20. Ne5 Rg7 21.
Ng4 Qxc2 22. Bf3 Kh8 23. Rab1 b6 24. Qg3 Qf5 25. Qc7 Nxd4 26. Qxa7 Nxf3+ 27.
gxf3 Qxf3 28. Ne5 Qxf2+ 29. Kh1 Be8 30. Qb8 Ba4 31. Rd2 Rxb8 32. Rxf2 h5 33.
Rf6 Bc2 34. Re1 Bf5 35. Nf7+ Kg8 36. Nh6+ Kh7 37. Nxf5 exf5 38. Rd6 Rbb7 39.
Rxd5 c3 40. Rc1 Rgc7 41. Rd3 c2 42. Rd2 Ra7 43. Rdxc2 Rxc2 44. Rxc2 Rxa3 45.
Rb2 Ra6 46. Kg2 Kg7 47. Kg3 Kf6 48. Rb5 Kg5 49. h4+ Kf6 50. Kf4 Ra4+ 51. Kg3
f4+ 52. Kf3 Ra3+ 53. Kxf4 Ra6 54. Rb4 Kf7 55. Rb5 Ra4+ 56. Kg3 Re4 57. Rxb6 Re6
58. Rb5 Kf6 59. Kf4 Rc6 60. Rb4 Rc5 61. Rb6+ Kg7 62. Rb7+ Kh6 63. Rb4 Rf5+ 64.
Kg3 1/2-1/2

[Event "V Festival Costa Viola A"]
[Site "Palmi ITA"]
[Date "2012.01.04"]
[Round "6"]
[White "Stella, Andrea"]
[Black "Epishin, Vladimir V."]
[Result "1/2-1/2"]
[WhiteElo "2442"]
[BlackElo "2561"]
[PlyCount "44"]
[EventDate "2012.01.02"]

1. Nf3 e6 2. c4 b6 3. g3 Bb7 4. Bg2 Nf6 5. O-O Be7 6. Nc3 O-O 7. Re1 d5 8. cxd5
exd5 9. d4 Ne4 10. Bf4 Nd7 11. Qc2 Nxc3 12. bxc3 c5 13. Rad1 cxd4 14. e4 Nf6
15. e5 Nd7 16. Nxd4 Nc5 17. e6 Nxe6 18. Rxe6 fxe6 19. Nxe6 Qd7 20. Nxf8 Bxf8
21. Be3 Rc8 22. Qb3 Qf7 1/2-1/2

[Event "V Festival Costa Viola A"]
[Site "Palmi ITA"]
[Date "2012.01.04"]
[Round "6"]
[White "Stromboli, Ettore"]
[Black "Stromboli, Carlo"]
[Result "1/2-1/2"]
[WhiteElo "2302"]
[BlackElo "2336"]
[PlyCount "22"]
[EventDate "2012.01.02"]

1. e4 c5 2. f4 e6 3. Nf3 Nc6 4. Nc3 d5 5. Bb5 Nge7 6. O-O a6 7. Bxc6+ Nxc6 8.
f5 dxe4 9. fxe6 Bxe6 10. Nxe4 Be7 11. b3 Qd5 1/2-1/2

[Event "V Festival Costa Viola A"]
[Site "Palmi ITA"]
[Date "2012.01.04"]
[Round "6"]
[White "Valguarnera, Girolamo"]
[Black "Quattrone, Andrea"]
[Result "1-0"]
[WhiteElo "2139"]
[BlackElo "1790"]
[PlyCount "43"]
[EventDate "2012.01.02"]

1. e4 c6 2. Nf3 d5 3. Nc3 dxe4 4. Nxe4 Bf5 5. Ng3 Bg6 6. h4 h5 7. Ne5 Qd6 8.
Nxg6 Qxg6 9. Be2 Nf6 10. d4 Nbd7 11. Bg5 Ng4 12. Nxh5 Qxh5 13. Rh3 f5 14. d5
Qg6 15. Qd4 e5 16. dxe6 Qxe6 17. O-O-O Ngf6 18. Bc4 c5 19. Qd3 Qc6 20. Bb5 c4
21. Qxf5 g6 22. Qxg6+ 1-0

[Event "V Festival Costa Viola A"]
[Site "Palmi ITA"]
[Date "2012.01.05"]
[Round "7"]
[White "Buda, Elvin"]
[Black "Marzaduri, Marco R."]
[Result "1-0"]
[WhiteElo "1917"]
[BlackElo "1848"]
[PlyCount "59"]
[EventDate "2012.01.02"]

1. d4 d5 2. Nf3 Nf6 3. e3 e6 4. Bd3 c5 5. c3 Nc6 6. Nbd2 cxd4 7. exd4 Bd6 8.
O-O O-O 9. Re1 Qc7 10. Nf1 e5 11. dxe5 Nxe5 12. Nxe5 Bxe5 13. Bg5 Ng4 14. g3 h6
15. Ne3 Nxe3 16. Bxe3 Be6 17. f4 Bd6 18. f5 Bd7 19. f6 Bxg3 20. Qh5 Bf4 21.
fxg7 Bxe3+ 22. Rxe3 Kxg7 23. Rg3+ Kf6 24. Re1 Qf4 25. Rf3 Rg8+ 26. Kf2 Qxf3+
27. Qxf3+ Kg7 28. Qxd5 Bc6 29. Rg1+ Kf6 30. Qd6# 1-0

[Event "V Festival Costa Viola A"]
[Site "Palmi ITA"]
[Date "2012.01.05"]
[Round "7"]
[White "Cafaro, Luca"]
[Black "Pierandrei, Cristiano"]
[Result "1-0"]
[WhiteElo "1890"]
[BlackElo "1960"]
[PlyCount "59"]
[EventDate "2012.01.02"]

1. e4 c5 2. Nf3 a6 3. d4 cxd4 4. Nxd4 e5 5. Nb3 Nf6 6. Nc3 Bb4 7. Bd3 d5 8.
exd5 Nxd5 9. Bd2 Nxc3 10. bxc3 Bd6 11. O-O O-O 12. Qh5 g6 13. Qe2 Nc6 14. Be4
Be6 15. f4 exf4 16. Bxf4 Bxf4 17. Rxf4 a5 18. Kh1 Qg5 19. Rf2 Rfe8 20. Bxc6
bxc6 21. Qd2 Qh5 22. Nd4 Rad8 23. Qf4 Bd5 24. Nxc6 Rd7 25. Nd4 f5 26. Rff1 Re4
27. Qb8+ Kg7 28. Rae1 Rde7 29. Rxe4 fxe4 30. Qf8# 1-0

[Event "V Festival Costa Viola A"]
[Site "Palmi ITA"]
[Date "2012.01.05"]
[Round "7"]
[White "Caprio, Guido"]
[Black "Stromboli, Ettore"]
[Result "1-0"]
[WhiteElo "2353"]
[BlackElo "2302"]
[PlyCount "71"]
[EventDate "2012.01.02"]

1. d4 Nf6 2. c4 e6 3. Nf3 b6 4. a3 Ba6 5. Qc2 Bb7 6. Nc3 c5 7. e4 cxd4 8. Nxd4
Bc5 9. Nb3 Nc6 10. Bg5 O-O 11. O-O-O Be7 12. f4 e5 13. g3 Ne8 14. Bxe7 Nxe7 15.
Bh3 Bc6 16. Kb1 Qc7 17. Nd5 Nxd5 18. cxd5 Ba4 19. Qxc7 Nxc7 20. Rd3 Rfe8 21.
Nd2 Na6 22. Rc3 Nc5 23. b4 Nb7 24. Rc7 Nd6 25. Bxd7 Re7 26. fxe5 Nxe4 27. Nxe4
Bxd7 28. e6 fxe6 29. d6 Rf7 30. Ng5 Rf5 31. Rxd7 Rxg5 32. Rc1 Rg6 33. Rdc7 Rf8
34. Rc8 e5 35. d7 Rd6 36. Rf1 1-0

[Event "V Festival Costa Viola A"]
[Site "Palmi ITA"]
[Date "2012.01.05"]
[Round "7"]
[White "Carbone, Stefano"]
[Black "Valguarnera, Girolamo"]
[Result "0-1"]
[WhiteElo "1985"]
[BlackElo "2139"]
[PlyCount "200"]
[EventDate "2012.01.02"]

1. Nf3 Nf6 2. c4 g6 3. g3 Bg7 4. Bg2 O-O 5. O-O d6 6. d4 Nbd7 7. Nc3 c6 8. e4
Qc7 9. b3 Re8 10. Bb2 e5 11. h3 Nf8 12. Qc2 N6d7 13. Rfd1 Ne6 14. Ne2 a5 15. a3
c5 16. dxc5 dxc5 17. Nc3 Nd4 18. Nxd4 cxd4 19. Nd5 Qd6 20. b4 b6 21. Qb3 a4 22.
Qa2 Ba6 23. Bf1 Kh8 24. Bc1 f5 25. f3 Rac8 26. Bd2 Nf6 27. b5 Bb7 28. Bd3 fxe4
29. fxe4 Qe6 30. Kh2 Nd7 31. Bb4 Nc5 32. Bxc5 Rxc5 33. Rf1 Qd6 34. Rae1 Bxd5
35. exd5 Rc7 36. Re2 Bh6 37. Be4 Rec8 38. Rc2 Be3 39. Kg2 Qe7 40. Kh2 Rc5 41.
Kg2 Kg7 42. Kh2 R5c7 43. Kg2 Rf8 44. Rxf8 Qxf8 45. Re2 Rf7 46. Qb2 Rf1 47. h4
Kh6 48. d6 Rf7 49. c5 bxc5 50. b6 Qxd6 51. b7 Rf8 52. Qb5 Rb8 53. Rc2 d3 54.
Qxd3 Qxd3 55. Bxd3 Rxb7 56. Rc4 Rb3 57. Bc2 Rxa3 58. Bxa4 Bd4 59. Bc2 Re3 60.
Bd1 Kg7 61. Ra4 Kf6 62. Ra7 h5 63. g4 hxg4 64. Bxg4 c4 65. Ra6+ Kg7 66. Rc6 c3
67. h5 gxh5 68. Bxh5 Rd3 69. Bg6 Rd2+ 70. Kf3 Kh6 71. Be4+ Kh5 72. Bb1 Rf2+ 73.
Kg3 Rf8 74. Bg6+ Kg5 75. Bb1 Bf2+ 76. Kg2 Be1 77. Rc4 Rf2+ 78. Kg1 Rb2 79. Bh7
Bf2+ 80. Kg2 Bd4+ 81. Kg3 Kf6 82. Be4 Ke6 83. Rc6+ Kd7 84. Rc4 Re2 85. Bf3 Re3
86. Kg2 Kd6 87. Rc6+ Kd7 88. Rc4 Re1 89. Kg3 Re3 90. Kg2 Ke6 91. Rc6+ Kf5 92.
Bd5 e4 93. Bb3 Kf4 94. Bd1 Rd3 95. Bb3 Rd2+ 96. Kf1 Kf3 97. Rc8 Rb2 98. Bd1+
Ke3 99. Ke1 Rb1 100. Rc7 Be5 0-1

[Event "V Festival Costa Viola A"]
[Site "Palmi ITA"]
[Date "2012.01.05"]
[Round "7"]
[White "Collutiis, Duilio"]
[Black "Epishin, Vladimir V."]
[Result "1/2-1/2"]
[WhiteElo "2477"]
[BlackElo "2561"]
[PlyCount "77"]
[EventDate "2012.01.02"]

1. e4 c6 2. d4 d5 3. Nd2 dxe4 4. Nxe4 Bf5 5. Ng3 Bg6 6. N1e2 e6 7. Nf4 Bd6 8.
Nxg6 hxg6 9. Ne4 Nf6 10. Nxd6+ Qxd6 11. h3 Nbd7 12. Be2 Nd5 13. c3 N7f6 14. Bf3
O-O-O 15. Qa4 Kb8 16. g3 Ka8 17. Kf1 Ng8 18. Kg2 Nge7 19. Qc2 Nf5 20. Bd2 c5
21. dxc5 Qxc5 22. Rad1 Nd4 23. Qe4 Nxf3 24. Qxf3 e5 25. b3 Rhe8 26. Rhe1 f5 27.
c4 e4 28. Qe2 Nc7 29. Bg5 Rxd1 30. Rxd1 Ne6 31. Be3 Qc7 32. Rd5 f4 33. gxf4
Nxf4+ 34. Bxf4 Qxf4 35. Qe3 Qf6 36. a4 a6 37. a5 Re5 38. Rxe5 Qxe5 39. b4
1/2-1/2

[Event "V Festival Costa Viola A"]
[Site "Palmi ITA"]
[Date "2012.01.05"]
[Round "7"]
[White "Familari, Giuseppe"]
[Black "Cordi', Domenico"]
[Result "0-1"]
[WhiteElo "1967"]
[BlackElo "2059"]
[PlyCount "92"]
[EventDate "2012.01.02"]

1. e4 e5 2. Nf3 Nc6 3. Bc4 Be7 4. O-O d6 5. c3 Nf6 6. d3 O-O 7. Nbd2 Na5 8. Re1
c6 9. Bb3 Nxb3 10. axb3 h6 11. Nf1 Be6 12. Be3 a5 13. d4 Qc7 14. Qc2 Rfe8 15.
c4 Bg4 16. N1d2 Bf8 17. h3 Bh5 18. g4 Bg6 19. Nh4 Bh7 20. Nf5 Kh8 21. Kh1 Ng8
22. Nf3 Ne7 23. c5 Ng6 24. cxd6 Bxd6 25. Nxd6 Qxd6 26. Rad1 Qf6 27. Qe2 Rad8
28. g5 Qe6 29. Kh2 exd4 30. Bc1 h5 31. Rd3 Nf8 32. Qd1 c5 33. Nh4 Qd6+ 34. Rg3
Rxe4 35. Rxe4 Bxe4 36. Qxh5+ Kg8 37. Qg4 Qe6 38. Qf4 Ng6 39. Nxg6 Bxg6 40. Qc7
Qd5 41. Qxa5 Re8 42. Bf4 Re2 43. Rg2 d3 44. Bd2 Kh7 45. Rg4 Bh5 46. Rh4 Rxf2+
0-1

[Event "V Festival Costa Viola A"]
[Site "Palmi ITA"]
[Date "2012.01.05"]
[Round "7"]
[White "Gangemi, Salvatore"]
[Black "Giuliano, Vincenzo"]
[Result "0-1"]
[WhiteElo "2085"]
[BlackElo "1891"]
[PlyCount "92"]
[EventDate "2012.01.02"]

1. c4 Nf6 2. Nf3 g6 3. g3 Bg7 4. Bg2 O-O 5. O-O d6 6. d4 Nbd7 7. Qc2 c6 8. e4
Qc7 9. Nc3 a6 10. a4 e5 11. dxe5 dxe5 12. b4 b6 13. Bb2 a5 14. b5 Bb7 15. Qe2
Nc5 16. Ba3 Rfe8 17. Bxc5 bxc5 18. Nd2 Nd7 19. Nb3 Bf8 20. Qe3 Nb6 21. Qe2 Bc8
22. Rfb1 Be6 23. Nd2 Bh6 24. bxc6 Bxd2 25. Nd5 Bxd5 26. exd5 Bb4 27. h4 Nc8 28.
h5 Nd6 29. hxg6 fxg6 30. Bh3 Qg7 31. Be6+ Kh8 32. Rb3 Rf8 33. Rab1 Qf6 34. Kg2
e4 35. Rf1 Rae8 36. f3 Qd4 37. Rd1 Qe5 38. f4 Qf6 39. Re3 Rxe6 40. dxe6 Qxe6
41. Rd5 Qf6 42. Rb3 Re8 43. Qb2 Qxb2+ 44. Rxb2 Nxc4 45. Re2 Nb6 46. c7 Nxd5 0-1

[Event "V Festival Costa Viola A"]
[Site "Palmi ITA"]
[Date "2012.01.05"]
[Round "7"]
[White "Gregori, Giacomo"]
[Black "Blasco, Domenico"]
[Result "0-1"]
[WhiteElo "2023"]
[BlackElo "1938"]
[PlyCount "146"]
[EventDate "2012.01.02"]

1. c4 g6 2. g3 Bg7 3. Bg2 e5 4. Nc3 Nc6 5. e4 d6 6. Nge2 f5 7. d3 Nf6 8. O-O
O-O 9. Nd5 h6 10. Be3 Kh7 11. Qd2 Ng4 12. b4 Nxe3 13. fxe3 f4 14. exf4 exf4 15.
Nexf4 Bd4+ 16. Kh1 Bxa1 17. Rxa1 g5 18. Ne2 Bg4 19. Ne3 Qd7 20. b5 Ne7 21. Nxg4
Qxg4 22. h3 Qe6 23. Re1 Rf2 24. Kg1 Rf6 25. g4 Ng6 26. Nd4 Qf7 27. Nf5 Nf4 28.
Bf1 h5 29. h4 hxg4 30. hxg5 Rxf5 31. exf5 Qxf5 32. Bg2 Qxg5 33. Qe3 Qc5 34. d4
Qg5 35. Qe7+ Qxe7 36. Rxe7+ Kg6 37. Bxb7 Rf8 38. Be4+ Kg5 39. Rxc7 Ne2+ 40. Kg2
Kf4 41. Bd5 Ke3 42. Re7+ Kd2 43. Kh1 g3 44. Rf7 Rh8+ 45. Kg2 Rh2+ 46. Kf1 Nxd4
47. a4 Nc2 48. Kg1 Nd4 49. a5 Ne2+ 50. Kf1 Rh4 51. b6 axb6 52. a6 Nf4 53. a7
Nxd5 54. a8=Q Ne3+ 55. Kg1 Rxc4 56. Qa2+ Rc2 57. Qa1 Rc1+ 58. Qxc1+ Kxc1 59.
Rf3 Kd2 60. Rxg3 d5 61. Kf2 Nd1+ 62. Kf1 b5 63. Rb3 Nc3 64. Rb2+ Kd3 65. Ke1 d4
66. Rd2+ Kc4 67. Rb2 b4 68. Kd2 b3 69. Kc1 Na4 70. Rb1 b2+ 71. Kd2 d3 72. Rh1
Nc5 73. Rh4+ Kb3 0-1

[Event "V Festival Costa Viola A"]
[Site "Palmi ITA"]
[Date "2012.01.05"]
[Round "7"]
[White "Pierandrei, Danilo"]
[Black "Furnari, Francesco"]
[Result "1-0"]
[WhiteElo "1888"]
[BlackElo "1833"]
[PlyCount "101"]
[EventDate "2012.01.02"]

1. e4 e5 2. Bc4 Nf6 3. d3 Bc5 4. Nf3 Nc6 5. c3 d6 6. Nbd2 O-O 7. O-O h6 8. Re1
Be6 9. Bxe6 fxe6 10. Qb3 Qd7 11. Qxb7 Ng4 12. Re2 Rab8 13. Qa6 g5 14. h3 Nf6
15. Nf1 Ne7 16. Be3 Bb6 17. Bxb6 axb6 18. d4 exd4 19. cxd4 Nh5 20. N1h2 Nf4 21.
Rd2 Neg6 22. Qf1 d5 23. Re1 Rbe8 24. g3 Nh5 25. Rde2 Nf6 26. exd5 exd5 27. Rxe8
Rxe8 28. Rxe8+ Qxe8 29. Qd3 Ne4 30. Nd2 Qe6 31. Kg2 Kg7 32. Nhf3 g4 33. hxg4
Qxg4 34. Qe3 Nxd2 35. Qxd2 h5 36. Qg5 Qxg5 37. Nxg5 Kf6 38. Nh3 Kf5 39. Kf3 Ne7
40. Nf4 Nc6 41. Ke3 Nb4 42. a3 Nc2+ 43. Kd3 Ne1+ 44. Kd2 Nf3+ 45. Ke3 Nh2 46.
Nxh5 Nf1+ 47. Ke2 Nh2 48. f3 c5 49. Ng7+ Kf6 50. Ne8+ Kg5 51. Nc7 1-0

[Event "V Festival Costa Viola A"]
[Site "Palmi ITA"]
[Date "2012.01.05"]
[Round "7"]
[White "Pomaro, Alberto"]
[Black "Kukov, Velislav"]
[Result "1/2-1/2"]
[WhiteElo "2369"]
[BlackElo "2414"]
[PlyCount "26"]
[EventDate "2012.01.02"]

1. e4 Nf6 2. e5 Nd5 3. d4 d6 4. exd6 exd6 5. c4 Nb6 6. Nc3 Be7 7. Nf3 Bf5 8.
Be3 O-O 9. b3 Bf6 10. Be2 Nc6 11. O-O d5 12. c5 Nc8 13. Qd2 Bg4 1/2-1/2

[Event "V Festival Costa Viola A"]
[Site "Palmi ITA"]
[Date "2012.01.05"]
[Round "7"]
[White "Quattrone, Andrea"]
[Black "Santagati, Alessandro"]
[Result "0-1"]
[WhiteElo "1790"]
[BlackElo "2239"]
[PlyCount "58"]
[EventDate "2012.01.02"]

1. e4 Nc6 2. Nf3 f5 3. d3 d6 4. Nbd2 Nf6 5. g3 e5 6. Bg2 fxe4 7. Nxe4 d5 8. Nc3
Bc5 9. O-O O-O 10. Bg5 Bg4 11. Qd2 h6 12. Bxh6 gxh6 13. Qxh6 Bxf3 14. Qg6+ Kh8
15. Bxf3 Ne7 16. Qh6+ Nh7 17. Be4 dxe4 18. Nxe4 Nf5 19. Qh3 Bb6 20. g4 Nd4 21.
g5 Nf3+ 22. Kh1 Nfxg5 23. Nxg5 Qxg5 24. Rg1 Qf5 25. Qh6 Qf6 26. Rg6 Qf3+ 27.
Rg2 Rg8 28. Rag1 Rxg2 29. Rxg2 Rg8 0-1

[Event "V Festival Costa Viola A"]
[Site "Palmi ITA"]
[Date "2012.01.05"]
[Round "7"]
[White "Rotunno, Giuseppe"]
[Black "Stella, Andrea"]
[Result "0-1"]
[WhiteElo "2026"]
[BlackElo "2442"]
[PlyCount "90"]
[EventDate "2012.01.02"]

1. d4 Nf6 2. Nf3 g6 3. g3 Bg7 4. Bg2 O-O 5. O-O d5 6. c3 Nbd7 7. Bf4 b6 8. Ne5
Bb7 9. Nd2 c5 10. f3 Re8 11. e4 cxd4 12. cxd4 Nh5 13. Nb3 Nxe5 14. dxe5 e6 15.
Nd4 Nxf4 16. gxf4 Qh4 17. Ne2 Ba6 18. Qe1 Qh6 19. Rf2 Bxe2 20. Rxe2 Qxf4 21.
exd5 exd5 22. e6 Bd4+ 23. Kh1 fxe6 24. Rxe6 Be5 25. Rxe8+ Rxe8 26. Qg3 Qxg3 27.
hxg3 Bxg3 28. Bf1 d4 29. Kg2 Bf4 30. Rd1 Be3 31. Bc4+ Kg7 32. a4 Re5 33. b3
Rg5+ 34. Kf1 Rg1+ 35. Ke2 Rxd1 36. Kxd1 Kf6 37. Ke2 h5 38. Kf1 h4 39. Kg2 Ke5
40. b4 Kf4 41. Bd3 g5 42. a5 bxa5 43. bxa5 Bd2 44. a6 Ke3 45. Be4 Ba5 0-1

[Event "V Festival Costa Viola A"]
[Site "Palmi ITA"]
[Date "2012.01.05"]
[Round "7"]
[White "Stromboli, Carlo"]
[Black "Pinton, Maurizio"]
[Result "1-0"]
[WhiteElo "2336"]
[BlackElo "2008"]
[PlyCount "121"]
[EventDate "2012.01.02"]

1. e4 c5 2. Nf3 Nc6 3. d4 cxd4 4. Nxd4 e5 5. Nb5 d6 6. N1c3 a6 7. Na3 Be7 8.
Nc4 b5 9. Ne3 Nf6 10. a3 Be6 11. g3 Rc8 12. Bg2 Nd4 13. O-O Qd7 14. Ne2 Nxe2+
15. Qxe2 Bc4 16. Nxc4 Rxc4 17. Rd1 O-O 18. c3 Rfc8 19. Qd3 h6 20. h3 Qc6 21.
Re1 Nd7 22. Qf3 Nc5 23. Be3 Rf8 24. Rad1 Nd7 25. h4 Nf6 26. Bc1 Qc8 27. Qe3 Rc6
28. Qe2 Rc4 29. Rd3 Rd8 30. Red1 a5 31. Bd2 a4 32. Bc1 Bf8 33. Qf3 Be7 34. Re1
d5 35. Qd1 dxe4 36. Rxd8+ Qxd8 37. Qxd8+ Bxd8 38. Bf1 Rc5 39. Rd1 Bb6 40. Be3
Rd5 41. Rxd5 Nxd5 42. Bxb6 Nxb6 43. Bxb5 Kf8 44. c4 Ke7 45. c5 Nd7 46. c6 Nb6
47. c7 Kd6 48. Bxa4 Kxc7 49. Bb3 f6 50. Kf1 Kd6 51. Ke2 Nd7 52. g4 h5 53. g5 f5
54. Bf7 Nc5 55. Bxh5 Nd3 56. Bf7 Nf4+ 57. Kf1 Nh3 58. b4 Nf4 59. h5 Ke7 60. b5
Kxf7 61. b6 1-0

[Event "V Festival Costa Viola A"]
[Site "Palmi ITA"]
[Date "2012.01.05"]
[Round "8"]
[White "Cangiano, Federico"]
[Black "Gregori, Giacomo"]
[Result "1/2-1/2"]
[WhiteElo "1963"]
[BlackElo "2023"]
[PlyCount "62"]
[EventDate "2012.01.02"]

1. d4 Nf6 2. Nf3 g6 3. Nbd2 d5 4. e3 Bg7 5. Bd3 O-O 6. Ne5 c5 7. c3 Nc6 8. f4
Nd7 9. O-O Qc7 10. Qe1 e6 11. Rf3 f6 12. Nxc6 Qxc6 13. Rh3 Rf7 14. Nf3 Nf8 15.
Rg3 e5 16. fxe5 fxe5 17. dxe5 Bf5 18. Qe2 Bxd3 19. Qxd3 Re8 20. Bd2 c4 21. Qd4
Nd7 22. Qh4 Nxe5 23. Nxe5 Bxe5 24. Rh3 Ref8 25. Re1 Qb6 26. Bc1 a5 27. Qg5 Rf5
28. Qe7 R8f7 29. Qe8+ Kg7 30. g4 Rf8 31. Qe7+ R8f7 1/2-1/2

[Event "V Festival Costa Viola A"]
[Site "Palmi ITA"]
[Date "2012.01.05"]
[Round "8"]
[White "Cordi', Domenico"]
[Black "Damia, Angelo"]
[Result "1-0"]
[WhiteElo "2059"]
[BlackElo "2303"]
[PlyCount "81"]
[EventDate "2012.01.02"]

1. d4 Nf6 2. c4 e6 3. Nf3 c5 4. Nc3 cxd4 5. Nxd4 a6 6. a3 Qc7 7. e3 Nc6 8. Bd2
Be7 9. Be2 h5 10. Qc2 d6 11. h3 Bd7 12. O-O g5 13. Nxc6 Bxc6 14. e4 g4 15. h4
Nd7 16. g3 Qd8 17. Nd5 Bxh4 18. gxh4 Qxh4 19. Bf4 Rc8 20. Qc3 e5 21. Kg2 Bxd5
22. exd5 Qf6 23. Bh2 Rg8 24. Rab1 Nc5 25. Qe3 Qg6 26. b4 Nd7 27. Bd3 f5 28. c5
g3 29. fxg3 e4 30. c6 bxc6 31. Bxa6 Rc7 32. dxc6 Ne5 33. Qb6 h4 34. Qb8+ Ke7
35. Qxc7+ Ke6 36. Bc8+ Rxc8 37. Qxc8+ Ke7 38. Qxf5 h3+ 39. Kh1 Qh6 40. Qf6+
Qxf6 41. Rxf6 1-0

[Event "V Festival Costa Viola A"]
[Site "Palmi ITA"]
[Date "2012.01.05"]
[Round "8"]
[White "Giuliano, Vincenzo"]
[Black "Pierandrei, Danilo"]
[Result "1/2-1/2"]
[WhiteElo "1891"]
[BlackElo "1888"]
[PlyCount "27"]
[EventDate "2012.01.02"]

1. d4 d5 2. c4 e6 3. Nc3 c6 4. cxd5 exd5 5. Nf3 Nf6 6. Bg5 Be7 7. e3 O-O 8. Bd3
h6 9. Bh4 Re8 10. Qc2 b6 11. h3 Bb7 12. O-O Nbd7 13. Rfc1 Rc8 14. Bf5 1/2-1/2

[Event "V Festival Costa Viola A"]
[Site "Palmi ITA"]
[Date "2012.01.05"]
[Round "8"]
[White "Lazic, Miroljub"]
[Black "Blasco, Domenico"]
[Result "1-0"]
[WhiteElo "2470"]
[BlackElo "1938"]
[PlyCount "67"]
[EventDate "2012.01.02"]

1. e4 g6 2. d4 Bg7 3. Nc3 d6 4. Be3 Nd7 5. g3 e5 6. Bg2 Ngf6 7. h3 O-O 8. Nge2
c6 9. a4 b6 10. O-O h6 11. Qd2 Kh7 12. Rad1 Qe7 13. Rfe1 Re8 14. f4 Bb7 15. g4
Rad8 16. Ng3 c5 17. dxe5 dxe5 18. f5 Nb8 19. Nd5 Nxd5 20. exd5 Rd7 21. Be4 Red8
22. Qg2 Rd6 23. Nh5 Bh8 24. g5 Qd7 25. fxg6+ fxg6 26. gxh6 Na6 27. Rf1 Nc7 28.
c4 Qe8 29. Rd2 Ne6 30. dxe6 Rxd2 31. Bxd2 Bxe4 32. Qxe4 Rxd2 33. Rf7+ Bg7 34.
Nf6+ 1-0

[Event "V Festival Costa Viola A"]
[Site "Palmi ITA"]
[Date "2012.01.05"]
[Round "8"]
[White "Marzaduri, Riccardo"]
[Black "Carbone, Stefano"]
[Result "1-0"]
[WhiteElo "1830"]
[BlackElo "1985"]
[PlyCount "81"]
[EventDate "2012.01.02"]

1. e4 g6 2. d4 Bg7 3. Nc3 c6 4. Bc4 d6 5. Be3 b5 6. Bd3 Nd7 7. Qd2 a6 8. Nce2
Bb7 9. c3 Qc7 10. Nf3 c5 11. d5 h6 12. O-O Ngf6 13. a4 c4 14. Bc2 Nc5 15. Bxc5
Qxc5 16. Nfd4 O-O 17. Kh1 Nd7 18. f4 Qb6 19. f5 g5 20. Qe3 Ne5 21. Qg3 Nd7 22.
h4 f6 23. a5 Qa7 24. Ne6 Rf7 25. N2d4 Nf8 26. Bd1 Nxe6 27. Nxe6 Bf8 28. Bh5 Rh7
29. Bg6 Rh8 30. Qg4 Bc8 31. Qh5 Bxe6 32. dxe6 Rh7 33. Bxh7+ Kxh7 34. hxg5 fxg5
35. Qf7+ Kh8 36. f6 exf6 37. Qxa7 Rxa7 38. Rxf6 Bg7 39. Rf7 Ra8 40. Rd7 Be5 41.
e7 1-0

[Event "V Festival Costa Viola A"]
[Site "Palmi ITA"]
[Date "2012.01.05"]
[Round "8"]
[White "Petkov, Vladimir"]
[Black "Pomaro, Alberto"]
[Result "0-1"]
[WhiteElo "2519"]
[BlackElo "2369"]
[PlyCount "98"]
[EventDate "2012.01.02"]

1. d4 d5 2. c4 e6 3. Nf3 c6 4. g3 dxc4 5. Bg2 b5 6. O-O Nf6 7. a4 Bb7 8. b3
cxb3 9. Nbd2 Nbd7 10. Nxb3 a5 11. Ne5 b4 12. Qc2 Bd6 13. Bb2 O-O 14. Rac1 Nd5
15. e4 Nc3 16. Bxc3 bxc3 17. Nxd7 Qxd7 18. Qxc3 Bb4 19. Qb2 e5 20. Nc5 Bxc5 21.
dxc5 Qc7 22. Rfd1 Rfd8 23. Qc3 f6 24. Rd6 Bc8 25. Qc4+ Kh8 26. Rcd1 Bg4 27.
R1d2 Rxd6 28. cxd6 Qd7 29. h3 Be6 30. Qc3 c5 31. Qxc5 Qxa4 32. Bf1 Qb4 33. Qc6
Rc8 34. d7 Rxc6 35. d8=Q+ Bg8 36. Rd1 Rc2 37. Bd3 Rd2 38. Rc1 Qb3 39. Qf8 Qb6
40. Rc5 Rxd3 41. Rc8 Qe6 42. Re8 Rd1+ 43. Kg2 Qc4 44. Kh2 Rd2 45. Kg1 Rd7 46.
Ra8 a4 47. h4 a3 48. Qxa3 Rd1+ 49. Kh2 Qf1 0-1

[Event "V Festival Costa Viola A"]
[Site "Palmi ITA"]
[Date "2012.01.05"]
[Round "8"]
[White "Pierandrei, Cristiano"]
[Black "Carlomagno, Vincenzo"]
[Result "1/2-1/2"]
[WhiteElo "1960"]
[BlackElo "1970"]
[PlyCount "85"]
[EventDate "2012.01.02"]

1. Nf3 c5 2. c4 g6 3. d4 cxd4 4. Nxd4 Bg7 5. e4 Nc6 6. Be3 Nf6 7. Nc3 O-O 8.
Be2 d6 9. O-O Nd7 10. Qd2 Nc5 11. f3 Bd7 12. Rab1 a5 13. b3 Ne6 14. Nc2 f5 15.
exf5 Rxf5 16. Bd3 Rf8 17. Be4 Nc5 18. Bxc5 dxc5 19. Ne2 Bf5 20. Qxd8 Raxd8 21.
Bxf5 gxf5 22. Rbd1 Nb4 23. Nxb4 axb4 24. Nf4 Kf7 25. Rfe1 Rxd1 26. Rxd1 Bd4+
27. Kf1 Ra8 28. Ne2 e5 29. f4 Ke6 30. Rd2 Be3 31. Rd5 exf4 32. g3 f3 33. Nf4+
Bxf4 34. gxf4 Rxa2 35. Rxc5 Rb2 36. Re5+ Kf6 37. Re3 Rxh2 38. Rxf3 Rc2 39. Rh3
Kg6 40. Rg3+ Kf6 41. Rh3 Kg7 42. Rg3+ Kf6 43. Rh3 1/2-1/2

[Event "V Festival Costa Viola A"]
[Site "Palmi ITA"]
[Date "2012.01.05"]
[Round "8"]
[White "Pinton, Maurizio"]
[Black "Pisacane, Pietro"]
[Result "1-0"]
[WhiteElo "2008"]
[BlackElo "2004"]
[PlyCount "129"]
[EventDate "2012.01.02"]

1. f4 d5 2. Nf3 c5 3. e3 Nc6 4. Be2 Nf6 5. d3 e6 6. O-O Be7 7. Qe1 O-O 8. c3
Qc7 9. Bd1 e5 10. fxe5 Nxe5 11. Nxe5 Qxe5 12. Nd2 Bd6 13. Nf3 Qe7 14. Bc2 Re8
15. Bd2 b6 16. b3 Bb7 17. Qh4 h6 18. Rae1 Nd7 19. Qh5 Nf6 20. Qh4 Nd7 21. Qf2
Nf6 22. Qh4 Nd7 23. Qh3 Bc8 24. e4 Ne5 25. Qg3 Qc7 26. exd5 Nxf3+ 27. Qxf3
Bxh2+ 28. Kh1 Rxe1 29. Rxe1 Bd6 30. Re8+ Kh7 31. d4+ f5 32. dxc5 Bxc5 33. d6
Qf7 34. Rxc8 Rxc8 35. Qxf5+ Qxf5 36. Bxf5+ g6 37. Bxc8 Bxd6 38. b4 Kg7 39. Kg1
g5 40. a4 Kf6 41. Be3 Ke5 42. Bb7 Be7 43. Kf2 Bd8 44. Bd4+ Kd6 45. Bg7 h5 46.
g3 g4 47. Be4 h4 48. Bf5 hxg3+ 49. Kxg3 Bg5 50. Kxg4 Bd2 51. Kf3 Kc7 52. Be5+
Kb7 53. Ke2 Bg5 54. Kd3 Be7 55. Kc4 Bh4 56. Kd5 Be1 57. Kd6 a6 58. Be4+ Ka7 59.
Kc6 a5 60. b5 Bf2 61. Bd4 Bg3 62. Bxb6+ Ka8 63. Bc7 Bf2 64. b6 Bg3 65. Kb5# 1-0

[Event "V Festival Costa Viola A"]
[Site "Palmi ITA"]
[Date "2012.01.05"]
[Round "8"]
[White "Quattrone, Andrea"]
[Black "Cafaro, Luca"]
[Result "0-1"]
[WhiteElo "1790"]
[BlackElo "1890"]
[PlyCount "30"]
[EventDate "2012.01.02"]

1. e4 e5 2. Nf3 Nc6 3. d4 exd4 4. Nxd4 Bc5 5. Be3 Qf6 6. c3 Nge7 7. Bc4 Ne5 8.
Bb3 Qg6 9. O-O d6 10. f4 Bh3 11. Qc2 Nd3 12. Rd1 Qxe4 13. Rxd3 Bf5 14. Nxf5
Nxf5 15. Bf2 Qe1# 0-1

[Event "V Festival Costa Viola A"]
[Site "Palmi ITA"]
[Date "2012.01.05"]
[Round "8"]
[White "Santagati, Alessandro"]
[Black "Familari, Giuseppe"]
[Result "1-0"]
[WhiteElo "2239"]
[BlackElo "1967"]
[PlyCount "73"]
[EventDate "2012.01.02"]

1. e4 e5 2. d4 exd4 3. Nf3 Nc6 4. c3 d3 5. Bxd3 d6 6. O-O Nf6 7. Nd4 Be7 8. Na3
O-O 9. Nac2 Ne5 10. f4 Nxd3 11. Qxd3 Re8 12. Bd2 Bf8 13. Rae1 d5 14. e5 Ne4 15.
Ne3 c6 16. Bc1 a5 17. Qc2 Qb6 18. Nc4 Qa6 19. Nd2 Nxd2 20. Bxd2 c5 21. Ne2 g6
22. Ng3 h5 23. f5 h4 24. e6 fxe6 25. f6 Kf7 26. Nh5 e5 27. Ng7 Bxg7 28. fxg7+
Kxg7 29. Qa4 Qe6 30. Qxh4 Rh8 31. Qg3 Rh5 32. Bg5 e4 33. Qc7+ Bd7 34. Rf6 Qg4
35. h4 Rxg5 36. hxg5 Qxg5 37. Rd6 1-0